Kariera trenerska Gennara Gattuso. - Statystyki

Ogólne statystyki
  • Ten quiz został rozwiązany 27 razy
  • Średni wynik to 2 z 6
Statystyki odpowiedzi
Lata Drużyna % Poprawnych
2017-2019 Milan
96%
2019-teraz Napoli
93%
2013-2013 Palermo
7%
2014-2014 OFI Kreta
0%
2015-2016 Pisa
0%
2016-2017 Pisa
0%
Nie znaleziono quizów pasujących do podanych kryteriów
Rozkład punktacji
Procent ludzi z każdym wynikiem
Percentyl według liczby udzielonych odpowiedzi
Twoja historia wyników
Nie rozwiązałeś tego quizu